Детската агресия (Запис номер 83151)
[ съкратено ]
| 000 -Лидер | |
|---|---|
| Контролно поле с фиксирана дължина | 01852nam a2200409 c 4500 |
| 003 - Код на организацията, давaща контролен номер | |
| Контролно поле | BLK |
| 005 - Дата и час на последна редакция | |
| Контролно поле | 20250509113520.0 |
| 008 - Елементи от данни с фиксирана дължина | |
| fixed length control field | 180408b bul|||||r ||||||| ||bul|| |
| 010 ## - Наследен системен номер | |
| LC control number | KNG00087694000 |
| 020 ## - Международен стандартен номер на книга ISBN | |
| Международен стандартен номер на книга ISBN | 978-954-26-0711-3 |
| -- | издат.: Хермес |
| 040 ## - Източник на каталожния запис | |
| Идентификатор на билиотеката - собственик на записа | BLK |
| 041 ## - Код за език | |
| Код за езика на текст/звукозапис или на отделно заглавие | Български |
| Код за езика КДБФ | Български |
| 080 ## - УДК | |
| Текстов определител УДК | Отбягване. Неприятелство. Агресия. Насилие |
| УДК код - определител по УДК | 316.647.3 |
| УДК определител | -053.2(075.8) |
| УДК - код + определител | 316.647.3-053.2(075.8) |
| 080 ## - УДК | |
| Текстов определител УДК | Психология на детската възраст. Интелектуално развитие на децата. Психически особености. Детски представи, описани в разкази |
| УДК код - определител по УДК | 159.922.7 |
| УДК определител | (075.8) |
| УДК - код + определител | 159.922.7(075.8) |
| 100 1# - Редна дума - Автор | |
| Автор | Стаматов, Румен Иванов |
| Авторска отговорност | първи автор |
| R(LIN) | 364100 |
| 139 ## - Редно поле | |
| Редна дума | Стаматов, Румен Иванов |
| Авторски знак | Стам - С 64 |
| 245 10 - Сведения за заглавието | |
| Заглавие | Детската агресия |
| Подзаглавни данни | Университетски учебник |
| Редно поле (дума) | Румен Иванов Стаматов. |
| 257 ## - Страна на издаване | |
| Страна на създаване/издаване | България |
| 260 ## - Област на издателските данни | |
| -- | Пловдив |
| Име на издателя, разпространителя и проч. | Хермес |
| Година на издаване | 2008 |
| Печатница | Хасково : Полиграфюг |
| 300 ## - Физическа характеристика | |
| Страници | 447 с. |
| Илюстрации и др. | със сх. |
| Размери/Мащаб | 20 см |
| 380 ## - Жанр | |
| Жанр | Обществени науки |
| 500 ## - Общи забележки | |
| Забележка | Библиогр. с. 407-446. |
| 504 ## - Забележка за наличие на библиография и др | |
| Забележка за наличие на библиография и под. | 407-446. |
| 650 #4 - Допълнително описание по предмет – тема | |
| Основно описание – тема или топоним | Агресия - при децата |
| 9 (RLIN) | 259475 |
| 650 #4 - Допълнително описание по предмет – тема | |
| Основно описание – тема или топоним | Девиантно поведение |
| 9 (RLIN) | 284247 |
| 650 #4 - Допълнително описание по предмет – тема | |
| Основно описание – тема или топоним | Детска и педагогическа психология |
| 9 (RLIN) | 244538 |
| 653 ## - Ключова дума – ненормативна | |
| Ключова дума | агресия |
| 653 ## - Ключова дума – ненормативна | |
| Ключова дума | девиантно поведение |
| 653 ## - Ключова дума – ненормативна | |
| Ключова дума | деца в риск |
| 653 ## - Ключова дума – ненормативна | |
| Ключова дума | учебници за ВУЗ |
| 852 ## - Местоположение | |
| Форматна сигнатура | Цб 242730 |
| 856 4# - Електронен адрес и достъп | |
| Електронен формат | pdf - файл |
| Път до файла /url/ | |
| 856 4# - Електронен адрес и достъп | |
| Електронен формат | pdf - файл |
| Път до файла /url/ | |
| 942 ## - АРТИКУЛИ | |
| Вид на библиотечния материал | Книги |
| Скрит в OPAC | Не |
| Koha issues (borrowed), all copies | 19 |
| 944 ## - СЪЗДАВАНЕ И РЕДАКЦИЯ на ЗАПИСА | |
| Създаване/Редакция | Създаване |
| Дата на регистрацията/редакция | 06.02.2009 |
| Статус, дата на статуса | Цветомила Тодорова |
| Служител, извършил регистрацията/редакцията | 30576 |
| 944 ## - СЪЗДАВАНЕ И РЕДАКЦИЯ на ЗАПИСА | |
| Създаване/Редакция | Редакция |
| Дата на регистрацията/редакция | 23.09.2009 |
| Статус, дата на статуса | ф / |
| Служител, извършил регистрацията/редакцията | |
| 999 ## - СИСТЕМНИ КОНТРОЛНИ НОМЕРА | |
| Koha biblionumber | 83151 |
| Koha biblioitemnumber | 83151 |
| Код за отписване | Код за изгубен артикул | Код за повреда | Коз за рестрикции | Код за отдаване | Артикулен № | Име на библиотеката - собственик | Име на библиотеката, в която се намира в момента | Статус (Текущо местоположение) | Дата на вписване в системата | Местоположение - отдел | Цена в лева | Инвентарен номер | Систематично азбучна сигнатура | Баркод | Номер на екземпляра | Цена в евро | Служебна бележка | Служебен тип на артикула | Източник на класификационната схема |
|---|---|---|---|---|---|---|---|---|---|---|---|---|---|---|---|---|---|---|---|
| Не е изгубен | Не е повреден | без рестрикции | заемане за дома | 135191 | Регионална библиотека "Любен Каравелов" Русе | Регионална библиотека "Любен Каравелов" Русе | Заемна - подръчен фонд | 2009-02-06 | Заемна - подръчен фонд | 15.00 | 120000733400 | П 316.6/С 64 | 120000733400 | 1 | 7.67 | Дост: Pk Вид: Ф N: 14309 Дата: 04.02.2009 Дата инв: 02.02.2018 Бележки инв: П2018 | Книги | ||
| Не е изгубен | Не е повреден | без рестрикции | заемане за дома | 135192 | Регионална библиотека "Любен Каравелов" Русе | Регионална библиотека "Любен Каравелов" Русе | Заемна - подръчен фонд | 2009-03-17 | Заемна - подръчен фонд | 15.00 | 120000734253 | П 316.6/С 64 | 120000734253 | 2 | 7.67 | Дост: Pk Вид: Ф N: 301 Дата: 17.03.2009 Дата инв: 02.02.2018 Бележки инв: П2018 | Книги | Universal Decimal Classification | |
| Не е изгубен | Не е повреден | без рестрикции | ползва се в читалня | 135193 | Регионална библиотека "Любен Каравелов" Русе | Регионална библиотека "Любен Каравелов" Русе | Хранилище | 2009-09-23 | Хранилище | 15.00 | 120000738228 | Цб 242730 | 120000738228 | 3 | 7.67 | Дост: Dp Вид: Д N: 15 Дата: 01.04.2009 | Книги | ||
| Не е изгубен | Не е повреден | заемане за дома | 942448 | Регионална библиотека "Любен Каравелов" Русе | Регионална библиотека "Любен Каравелов" Русе | Заемна - подръчен фонд | 2024-04-18 | Заемна - подръчен фонд | 15.00 | 120000901471 | 316.6/С 64 Р | 120000901471 | 7.67 | Книги | Universal Decimal Classification |